000 01385nam a2200349Ia 4500
001 ebr10348402
003 CaPaEBR
006 m u
007 cr cn|||||||||
008 090223s2009 ctu sb 001 0 eng d
010 _z 2009007814
020 _z9780300110371 (cloth : alk. paper)
040 _aCaPaEBR
_cCaPaEBR
035 _a(OCoLC)635947411
050 1 4 _aGE140
_b.W365 2009eb
100 1 _aWargo, John,
_d1950-
245 1 0 _aGreen intelligence
_h[electronic resource] :
_bcreating environments that protect human health /
_cJohn Wargo.
260 _aNew Haven, CT ;
_aLondon :
_bYale University Press,
_cc2009.
300 _axxii, 371 p.
504 _aIncludes bibliographical references and index.
533 _aElectronic reproduction.
_bPalo Alto, Calif. :
_cebrary,
_d2010.
_nAvailable via World Wide Web.
_nAccess may be limited to ebrary affiliated libraries.
650 0 _aEnvironmental quality.
650 0 _aEnvironmental degradation.
650 0 _aEnvironmental policy.
650 0 _aNuclear accidents
_xEnvironmental aspects.
650 0 _aAir
_xPollution.
650 0 _aWater
_xPollution.
650 0 _aPesticides
_xEnvironmental aspects.
655 7 _aElectronic books.
_2local
710 2 _aebrary, Inc.
856 4 0 _uhttp://site.ebrary.com/lib/rucke/Doc?id=10348402
_zAn electronic book accessible through the World Wide Web; click to view
999 _c32455
_d32455